000 00968nam a22002657a 4500
001 BR7907952
003 BR-BrBNA
005 20230928090321.0
007 ta
008 230509b bl.||||| |||| 00| 0 por d
040 _aBR-BrBNA
_bpor
_cBiblioteca Nacional de Agricultura
041 _a(Por)
072 _aQ10; E50; F00
_b/G514
090 _ Q10 BR7907952
110 1 _aCompanhia Paranaense de Silos e Armazens, Curitiba (Brasil)
_92485
245 1 _aEstudo preliminar sobre a viabilidade de implantacao de uma unidade armazenadora da COPASA no municipio de Barbosa Ferraz [Companhia Paranaense de Silos e Armazens, Parana, Brasil]
260 3 _aCuritiba, PR (Brasil):
_c1979.
300 _a11 p.
500 _a(*) Documento disponível no(a) Companhia Paranaense de Silos e Armazens, Curitiba (Brazil). Biblioteca
650 _aARMAZENAMENTO
650 _aINSTALACAO AGRICOLA
650 _aPARANA
909 _a202309
_bLucia
_c55
_dLucia Elande
942 _cBK
999 _c28420
_d28420